Central Library OPAC University of Rajshahi

The yoke of pity : (Record no. 84396)

MARC details
000 -LEADER
fixed length control field 00678nam a2200229 a 4500
001 - CONTROL NUMBER
control field 84396
003 - CONTROL NUMBER IDENTIFIER
rucl marc code BD-RjUL
005 - DATE AND TIME OF LATEST TRANSACTION
control field 20241201143652.0
008 - FIXED-LENGTH DATA ELEMENTS--GENERAL INFORMATION
fixed length control field 241201s1913 enk 000 1 eng
035 ## - SYSTEM CONTROL NUMBER
System control number (BD-RjUL)84396
040 ## - CATALOGING SOURCE
Original cataloging agency DLC
Transcribing agency CarP
Modifying agency DLC
-- BD-RjUL
Language of cataloging eng
041 ## - LANGUAGE CODE
Language code of text/sound track or separate title eng
082 ## - DEWEY DECIMAL CLASSIFICATION NUMBER
Edition number 23
Classification number 823
Author mark and year BEY 1913
100 1# - MAIN ENTRY--PERSONAL NAME
Personal name Benda, Julien,
Dates associated with a name 1867-1956.
9 (RLIN) 14489
245 14 - TITLE STATEMENT
Title The yoke of pity :
Remainder of title (L'ordination) /
Statement of responsibility, etc. by Julien Benda; translated by Gilbert Cannan.
260 ## - PUBLICATION, DISTRIBUTION, ETC. (IMPRINT)
Place of publication, distribution, etc. London :
Name of publisher, distributor, etc. Fisher Unwin,
Date of publication, distribution, etc. 1913
300 ## - PHYSICAL DESCRIPTION
Pagination 178 pages ;
Size 20 cm.
650 ## - SUBJECT ADDED ENTRY--TOPICAL TERM
Topical term or geographic name as entry element English Fiction
Topical term or geographic name as entry element Romans
700 1# - ADDED ENTRY--PERSONAL NAME
Personal name Cannan, Gilbert,
Dates associated with a name 1884-1955.
Relator term tr.
942 ## - ADDED ENTRY ELEMENTS (KOHA)
Source of classification or shelving scheme Dewey Decimal Classification
Koha item type Books
Holdings
Lost status Source of classification or shelving scheme Damaged status Not for loan Collection code Permanent Location Current Location Shelving location Date acquired Total Checkouts Full call number Date last seen Copy number Koha item type
  Dewey Decimal Classification   Not For Loan Fiction Central Library, University of Rajshahi Central Library, University of Rajshahi Reading Room 01/12/2024   823 BEY 1913 01/12/2024 C-1 Books